000 00664nam a2200193Ii 4500
003 JO-AjNU
008 230605s9999||||xx |||||||||||||| ||und||
040 _aJO-AjNU
_bara
_erda
_cJO-AjNU
041 _aara
050 1 4 _aPJ7750.I21.A15 1980
100 3 _aالأندلسي، إبن حزم؛ تقديم وتحقيق فاروق سعد,
_eauthor
_959418
245 0 0 _aطوق الحمامة في الإلفة والالاف
264 3 1 _aبيروت: دار مكتبة الحياة، 1980
300 _a333ص
336 _atext
_btxt
_2rdacontent
337 _aunmediated
_bn
_2rdamedia
338 _avolume
_bnc
_2rdacarrier
650 4 _aحب في الادب
_959419
999 _aA26737
_c30305
_d30305